Statistics for Cities of Countries

Click here to take the quiz!

General Stats

  • This quiz has been taken 38 times
  • The average score is 13 of 15

Answer Stats

% Correct
16,704,306Beijing
100%
2,695,598Chicago
97%
11,007,835Delhi
97%
3,792,621Los Angeles
97%
8,175,133New York
97%
20,217,748Shanghai
97%
2,100,263Houston
94%
12,442,373Mumbai
94%
10,641,408Guangzhou
91%
1,526,006Philadelphia
81%
8,436,675Bangalore
75%
6,809,790Hyderabad
72%
9,583,277Tianjin
72%
10,358,381Shenzhen
69%
5,570,585Ahmedabad
56%

Score Distribution

Percentile by Number Answered

Percent of People with Each Score

Your Score History

You have not taken this quiz